| 000 | 00365 a2200145 4500 | ||
|---|---|---|---|
| 001 | 92033 | ||
| 082 | _a153.69 BOR | ||
| 090 |
_c43990 _d43989 |
||
| 100 | _aJames Borg | ||
| 245 | _aBody Language: How to know what's Really Being said, 2e | ||
| 250 | _a2 | ||
| 260 |
_aIndia _bPearson Publisher _c2011 |
||
| 300 |
_axxvii,247p. _bPb |
||
| 500 | _aReference book | ||
| 942 |
_aCAE NUST _k153.69 BOR |
||
| 999 |
_c327106 _d327106 |
||